00666 2200217 4500001002100000005001700021008004100038035002400079082002000103090003200123100003800155245010700193250001100300260004000311300001900351650003000370850001200400980001500412985000600427999001500433YOGYA-0209000002298020090227023728.0 ind  0010-020900000022980 a330.95982271021 a330.95982271021bYog SlYOG aYOGYAKARTA. (Propinsi) Pusat data aStatistikharga dan beberapa indikator ekonomi Daerah Istimewa Yogyakarta 1982cPusat Data Propinsi DIY aCet. 1 aYogyakartabPusat Data Propinsi DIY a216 hlmc32 cm aEkonomi - DIY - Statistik aYOPDYOG a02-03-2007 a1 a06A0020706